ՀՀ Գիտությունների ազգային ակադեմիայի հիմնարար գիտական գրադարան  =   Fundamental Scientific Library of NAS RA

Методика подсчета экономии от внедрения изобретений и рационализаторских предложений на промышленных предприятиях / (Record no. 519254)

MARC details
000 -LEADER
fixed length control field 01210nam a2200241 a 4500
001 - CONTROL NUMBER
control field 001084155
003 - CONTROL NUMBER IDENTIFIER
control field AM-YEHGA
005 - DATE AND TIME OF LATEST TRANSACTION
control field 20250617164202.0
008 - FIXED-LENGTH DATA ELEMENTS--GENERAL INFORMATION
fixed length control field 150604s1962 ru r 000 0 rus d
040 ## - CATALOGING SOURCE
Original cataloging agency AM-YeHGA
041 0# - LANGUAGE CODE
Language code of text/sound track or separate title rus
090 ## - LOCALLY ASSIGNED LC-TYPE CALL NUMBER (OCLC); LOCAL CALL NUMBER (RLIN)
-- 522816
100 1# - MAIN ENTRY--PERSONAL NAME
Personal name Куликова, Екатерина Михайловна
245 10 - TITLE STATEMENT
Title Методика подсчета экономии от внедрения изобретений и рационализаторских предложений на промышленных предприятиях /
Statement of responsibility, etc. Е.М. Куликова; Ком. по делам изобретен. и открыт. при Сов. Мин. СССР.
250 ## - EDITION STATEMENT
Edition statement 2-е изд.
260 ## - PUBLICATION, DISTRIBUTION, ETC.
Place of publication, distribution, etc. Москвa :
Name of publisher, distributor, etc. ЦБТИ,
Date of publication, distribution, etc. 1962.
300 ## - PHYSICAL DESCRIPTION
Extent 60 с. :
Other physical details табл. ;
Dimensions 22 см.
504 ## - BIBLIOGRAPHY, ETC. NOTE
Bibliography, etc. note Библиогр. в подстроч. примеч.
650 14 - SUBJECT ADDED ENTRY--TOPICAL TERM
Topical term or geographic name entry element Прикладные знания
653 0# - INDEX TERM--UNCONTROLLED
Uncontrolled term Изобретения-Экономия
653 0# - INDEX TERM--UNCONTROLLED
Uncontrolled term Рационализаторские предложения- Экономия
710 2# - ADDED ENTRY--CORPORATE NAME
Corporate name or jurisdiction name as entry element Комитет по делам изобретений и открытий при Совете Министров СССР
Holdings
Withdrawn status Lost status Source of classification or shelving scheme Damaged status Not for loan Collection Home library Current library Date acquired Total checkouts Full call number Barcode Date last seen Price effective from Koha item type Public note
    Universal Decimal Classification     General Fundamental Scientific Library Fundamental Scientific Library 04/11/2021   PII/65675 FL0654829 04/11/2021 04/11/2021 Գրքեր / Books 30 Days Loan


ՀՀ ԳԱԱ հիմնարար գիտական գրադարան
ՀՀ,Երևան 0019
Մարշալ Բաղրամյան 24/6
հեռախոս:(374-10) 52-47-50
Հետադարձ կապ

All site content, except where otherwise noted, is licensed under a
Creative Commons License